000 00767nam a22002531 4500
001 36397
003 BD-RjUL
005 20211209052500.0
008 140622s1953 nyu b 001 0 eng d
035 _a(BD-RjUL)36494
035 _a(OCoLC)2901590
040 _aDLC
_cPBm
_dOCoLC
_dDLC
_dBD-RjUL
_beng
041 _aeng
082 0 0 _a320
_bWIC 1953
100 1 _aWit, Daniel.
_9110752
245 1 0 _aComparative political institutions :
_ba study of modern democratic and dictatorial systems /
_cDaniel Wit.
260 _aNew York :
_bHolt,
_c[1953.
300 _aix, 534 p. :
_bill. ;
_c24 cm.
504 _aIncludes bibliographical references and index.
650 0 _aPolitical science.
_9110753
942 _2ddc
_cBK
999 _c36397
_d36397